Biblioteca

Todavía remueve piedras (Registro nro. 68967)

Detalles MARC
000 -LÍDER
Campo fijo de descripción fija 01586nam a2200337 i 4500
001 - NÚMERO DE CONTROL
Campo de control 768714001
003 - IDENTIFICADOR DEL NÚMERO DE CONTROL
Campo de control CO-MdFUSB
005 - FECHA Y HORA DE LA ULTIMA TRANSACCIÓN
control field 20231107114256.0
007 - CAMPO FIJO DE DESCRIPCIÓN FIJA--INFORMACIÓN GENERAL
Campo fijo de descripción fija ta
008 - ELEMENTOS DE LONGITUD FIJA -- INFORMACIÓN GENERAL
Campo fijo de descripción fija -- Información general 230622t1994 -us||||| |||| 00| 0 eng d
020 ## - NÚMERO INTERNACIONAL NORMALIZADO PARA LIBROS
Número Internacional Normalizado del libro 9780881131826
040 ## - FUENTE DE CATALOGACIÓN
Agencia de catalogación original CO-MdFUSB
Idioma de catalogación spa
Agencia que realiza la transcripción CO-MdFUSB
Agencia que realiza la modificación CO-MdFUSBC
Convenciones de la descripción rda
041 ## - CÓDIGO DE IDIOMA
Código de idioma para texto/pista de sonido o título separado spa
082 ## - NÚMERO DE CLASIFICACIÓN DECIMAL DEWEY
Número de la edición del Dewey 23
Número de clasificación 248.2
Clave de autor-Numero de item L931t
100 ## - ASIENTO PRINCIPAL--NOMBRE PERSONAL
Nombre personal Lucado, Max
Término relacionador autor
240 ## - TITULO UNIFORME
Título uniforme <a href="He still moves stones">He still moves stones</a>
245 ## - TÍTULO
Título del Material Todavía remueve piedras
Mención de responsabilidad, etc. / Max Lucado ; traducido por Erma L. Ducasa
264 #1 - PRODUCCIÓN, PUBLICACIÓN, DISTRIBUCIÓN, MANUFACTURA, Y COPYRIGHT
Lugar de producción, publicación, distribución, manufactura Miami, Florida :
Nombre del productor, publicador, distribuidor Betania,
Fecha de producción, publicación, distribución, manufactura, o copyright [1994]
264 #4 - PRODUCCIÓN, PUBLICACIÓN, DISTRIBUCIÓN, MANUFACTURA, Y COPYRIGHT
Fecha de producción, publicación, distribución, manufactura, o copyright © 1994
300 ## - DESCRIPCIÓN FÍSICA
Extensión 240 páginas ;
Dimensiones ; 22 cm
336 ## - TIPO DE CONTENIDO
Fuente rdacontent
Término de tipo de contenido texto
Código de tipo de contenido txt
337 ## - TIPO DE MEDIO
Fuente rdamedia
Nombre del tipo de medio sin mediación
Código del tipo de medio n
338 ## - TIPO DE SOPORTE
Fuente rdacarrier
Nombre del tipo de soporte volumen
Código Tipo de soporte nc
505 ## - NOTA DE CONTENIDO
Título Parte I: La caña cascada
Nota de contenido con formato preestablecido No culpable -- No se pierda la fiesta -- Cuando usted y los suyos no congenian -- Se permite volver a soñar -- Leche cortada -- Un presentimiento loco y una esperanza sublime -- Por siempre joven -- Lea la historia
505 ## - NOTA DE CONTENIDO
Título Parte II: El pábilo humeante
Nota de contenido con formato preestablecido El poder de una oración tímida -- Luces brillantes en las noches oscuras -- La cosa más difícil que Dios haya hecho jamás --Aquello que solo Dios puede hacer -- Gracia de Galilea -- La ternura de Dios -- El loco convertido en misionero -- Ver lo invisible -- La oración de José -- Ante la tumba -- Cristianismo indiferente -- La galería del removedor de piedras
563 ## - NOTA DE ENCUADERNACIÓN
Nota de encuadernación rustico
650 #0 - ASIENTO SECUNDARIO DE MATERIA - TERMINO TEMÁTICO
9 (RLIN) 19
Término temático o nombre geográfico como elemento de entrada Vida cristiana
700 ## - ASIENTO SECUNDARIO - NOMBRE PERSONAL
9 (RLIN) 2161
Nombre personal Swindoll de Ducasa, Erma Lovell.
Responsabilidad traductor
942 ## - TIPO DE MATERIAL (KOHA)
Tipo de Item KOHA Libros General
945 ## - INFORMACIÓN LOCAL DEL REGISTRO
Catalogador Mag1104
Existencias
Estado de Material Estado de Perdido Forma de Clasificación Estado de Dañado No para Préstamo Colección Biblioteca de Origen Biblioteca Permanente Fecha de Adquisición Área Total de Préstamos Signatura Topográfica Código de Barras Última vez visto Ejemplar/Existencia Fecha de Remplazo Tipo de Material
    Dewey Decimal Classification     Colección General Biblioteca FUSBC Biblioteca FUSBC 22/06/2023 BIBLIA   G 248.2 L931t 22605 22/06/2023 Ej. 1 22/06/2023 Libros General

Biblioteca FUSBC | Teléfono: (57+4) 349 88 10 Ext. 141| WhatsApp (+57) 3005338115 
E-mail: biblioteca@unisbc.edu.co | Calle 76 87-14 Robledo Palenque, Medellín, Colombia

Con tecnología Koha